| 000 | 01032nam a2200313 i 4500 | ||
|---|---|---|---|
| 001 | 000029381 | ||
| 003 | DO-SdBNP | ||
| 005 | 20250819083812.0 | ||
| 007 | ta | ||
| 008 | 110415s2010 dr a 000 0 spa d | ||
| 020 | _a9789945427882 | ||
| 040 |
_aDO-SdBNP _bspa _cBNPHU _erda |
||
| 041 | _asp | ||
| 082 | 4 |
_a398.097293 _bP438c, 2010 _222 |
|
| 100 | 1 |
_aPérez, Xiomarita _eautor _9458 |
|
| 245 | 0 |
_aConsultorio folklórico / _cXiomarita Pérez |
|
| 250 | _aTercera edición revisada ,corregida y ampliada | ||
| 264 |
_aSanto Domingo : _bMinisterio de Cultura, _c2010. |
||
| 300 |
_a78 páginas : _bilustraciones. ; _c24 cm. |
||
| 336 |
_ardacontent _btexto _2txt |
||
| 337 |
_ardamedia _bsin mediación _2n |
||
| 338 |
_ardacarrier _bvolumen _2nc |
||
| 590 | _aInventariado, 2022/BT | ||
| 650 | 0 |
_aFolclore _zRepública Dominicana _933448 |
|
| 650 | 4 |
_aCarnaval _zRepública Dominicana _9460 |
|
| 650 | 4 |
_aInstrumentos musicales dominicanos _9461 |
|
| 910 | _aBtavárez/Validado. Control de calidad MFF | ||
| 942 |
_2ddc _cLBS1 |
||
| 999 |
_c28873 _d28873 |
||